[Event "CCT Chessable Masters Play-In 2025"]
[Site "Online"]
[Date "2025.02.17"]
[Round "5.57"]
[White "Nesterov, Arseniy"]
[Black "Matinian, Nikita"]
[Result "0-1"]
[WhiteElo "2591"]
[BlackElo "2415"]
[PlyCount "160"]
[EventDate "2025.02.13"]
[EventType "swiss"]
[EventCountry "NET"]
[TimeControl "600"]
[WhiteClock "0:00:04"]
[BlackClock "0:00:27"]

1. d4 {[%emt 0:00:01]} Nf6 {[%emt 0:00:02]} 2. c4 {[%emt 0:00:00]} e6 {[%emt 0:00:00]} 3. Nf3 {[%emt 0:00:01]} b6 {[%emt 0:00:01]} 4. g3 {[%emt 0:00:06]} Bb7 {[%emt 0:00:01]} 5. Bg2 {[%emt 0:00:01]} Bb4+ {[%emt 0:00:02]} 6. Nbd2 {[%emt 0:00:08]} O-O {[%emt 0:00:01]} 7. O-O {[%emt 0:00:01]} c5 {[%emt 0:00:14]} 8. a3 {[%emt 0:00:30]} Bxd2 {[%emt 0:00:02]} 9. Qxd2 {[%emt 0:00:00]} cxd4 {[%emt 0:00:02]} 10. Qxd4 {[%emt 0:00:00]} Nc6 {[%emt 0:00:03]} 11. Qf4 {[%emt 0:00:03]} Na5 {[%emt 0:00:41]} 12. Bd2 {[%emt 0:00:31]} Nb3 {[%emt 0:00:06]} 13. Rad1 {[%emt 0:00:01]} Nxd2 {[%emt 0:00:02]} 14. Rxd2 {[%emt 0:00:04]} Rc8 {[%emt 0:00:00]} 15. Rfd1 {[%emt 0:00:11]} Qc7 {[%emt 0:00:11]} 16. Qxc7 {[%emt 0:00:52]} Rxc7 {[%emt 0:00:00]} 17. Ne5 {[%emt 0:00:01]} Bxg2 {[%emt 0:00:07]} 18. Kxg2 {[%emt 0:00:01]} d5 {[%emt 0:00:09]} 19. cxd5 {[%emt 0:00:19]} Nxd5 {[%emt 0:00:00]} 20. e4 {[%emt 0:00:01]} Nf6 {[%emt 0:00:01]} 21. f3 {[%emt 0:00:09]} g6 {[%emt 0:00:13]} 22. g4 {[%emt 0:00:08]} Kg7 {[%emt 0:00:09]} 23. h4 {[%emt 0:00:39]} Rfc8 {[%emt 0:00:02]} 24. b4 {[%emt 0:00:18]} h6 {[%emt 0:00:03]} 25. Kg3 {[%emt 0:00:06]} Rc3 {[%emt 0:00:06]} 26. Rd3 {[%emt 0:00:01]} Rxd3 {[%emt 0:00:07]} 27. Rxd3 {[%emt 0:00:00]} Rc1 {[%emt 0:00:01]} 28. Rd8 {[%emt 0:00:07]} Rc3 {[%emt 0:00:03]} 29. Kf4 {[%emt 0:00:22]} Rxa3 {[%emt 0:00:07]} 30. Rc8 {[%emt 0:00:15]} g5+ {[%emt 0:00:49]} 31. hxg5 {[%emt 0:00:04]} hxg5+ {[%emt 0:00:00]} 32. Kxg5 {[%emt 0:00:03]} Nh7+ {[%emt 0:00:11]} 33. Kf4 {[%emt 0:00:02]} Nf8 {[%emt 0:00:01]} 34. Kg3 {[%emt 0:01:35]} Ng6 {[%emt 0:00:14]} 35. Nd7 {[%emt 0:00:02]} Rd3 {[%emt 0:00:09]} 36. Rc7 {[%emt 0:00:01]} Rb3 {[%emt 0:00:24]} 37. Rxa7 {[%emt 0:00:12]} Rxb4 {[%emt 0:00:01]} 38. Rb7 {[%emt 0:00:01]} b5 {[%emt 0:00:02]} 39. g5 {[%emt 0:00:33]} Rb1 {[%emt 0:00:04]} 40. Nc5 {[%emt 0:00:01]} Kg8 {[%emt 0:00:13]} 41. f4 {[%emt 0:00:45]} b4 {[%emt 0:00:37]} 42. Nd7 {[%emt 0:00:29]} b3 {[%emt 0:00:42]} 43. Rb8+ {[%emt 0:00:16]} Kg7 {[%emt 0:00:01]} 44. f5 {[%emt 0:00:04]} b2 {[%emt 0:00:25]} 45. Kh2 {[%emt 0:00:05]} exf5 {[%emt 0:00:20]} 46. exf5 {[%emt 0:00:00]} Nh4 {[%emt 0:00:08]} 47. Ne5 {[%emt 0:00:12]} Re1 {[%emt 0:00:33]} 48. Rxb2 {[%emt 0:00:14]} Rxe5 {[%emt 0:00:03]} 49. g6 {[%emt 0:00:00]} fxg6 {[%emt 0:00:30]} 50. fxg6 {[%emt 0:00:00]} Kxg6 {[%emt 0:00:01]} 51. Rb6+ {[%emt 0:00:01]} Kg5 {[%emt 0:00:02]} 52. Rb3 {[%emt 0:00:00]} Re4 {[%emt 0:00:04]} 53. Rb5+ {[%emt 0:00:02]} Kg4 {[%emt 0:00:01]} 54. Rb2 {[%emt 0:00:00]} Ng6 {[%emt 0:00:11]} 55. Rg2+ {[%emt 0:00:02]} Kf5 {[%emt 0:00:02]} 56. Kg3 {[%emt 0:00:00]} Re3+ {[%emt 0:00:06]} 57. Kf2 {[%emt 0:00:01]} Rb3 {[%emt 0:00:03]} 58. Rg3 {[%emt 0:00:00]} Rb2+ {[%emt 0:00:01]} 59. Ke3 {[%emt 0:00:01]} Nf4 {[%emt 0:00:02]} 60. Rg8 {[%emt 0:00:00]} Ke5 {[%emt 0:00:05]} 61. Rg5+ {[%emt 0:00:02]} Kf6 {[%emt 0:00:01]} 62. Ra5 {[%emt 0:00:01]} Ng6 {[%emt 0:00:07]} 63. Ra6+ {[%emt 0:00:01]} Kf5 {[%emt 0:00:00]} 64. Ra5+ {[%emt 0:00:00]} Ne5 {[%emt 0:00:01]} 65. Kd4 {[%emt 0:00:00]} Rb4+ {[%emt 0:00:01]} 66. Kc3 {[%emt 0:00:00]} Rc4+ {[%emt 0:00:03]} 67. Kb3 {[%emt 0:00:01]} Rd4 {[%emt 0:00:02]} 68. Rb5 {[%emt 0:00:00]} Rd1 {[%emt 0:00:05]} 69. Kc2 {[%emt 0:00:01]} Rd6 {[%emt 0:00:02]} 70. Rb3 {[%emt 0:00:01]} Ke4 {[%emt 0:00:01]} 71. Rb4+ {[%emt 0:00:00]} Ke3 {[%emt 0:00:01]} 72. Rb3+ {[%emt 0:00:00]} Nd3 {[%emt 0:00:01]} 73. Rc3 {[%emt 0:00:00]} Ke2 {[%emt 0:00:03]} 74. Rc4 {[%emt 0:00:02]} Ra6 {[%emt 0:00:14]} 75. Re4+ {[%emt 0:00:01]} Kf3 {[%emt 0:00:01]} 76. Rd4 {[%emt 0:00:00]} Nc5 {[%emt 0:00:05]} 77. Kc3 {[%emt 0:00:00]} Ne4+ {[%emt 0:00:01]} 78. Kd3 {[%emt 0:00:01]} Ra3+ {[%emt 0:00:01]} 79. Kc4 {[%emt 0:00:00]} Ke3 {[%emt 0:00:01]} 80. Kd5 {[%emt 0:00:02]} Ra5+ {[%emt 0:00:01]} 0-1

[Event "CCT Chessable Masters Play-In 2025"]
[Site "Online"]
[Date "2025.02.17"]
[Round "5.58"]
[White "Zhu, Jiner"]
[Black "Nasuta, Grzegorz"]
[Result "1-0"]
[WhiteElo "2514"]
[BlackElo "2506"]
[PlyCount "111"]
[EventDate "2025.02.13"]
[EventType "swiss"]
[EventCountry "NET"]
[TimeControl "600"]
[WhiteClock "0:01:31"]

1. e4 {[%emt 0:00:01]} e5 {[%emt 0:00:02]} 2. Nf3 {[%emt 0:00:01]} Nc6 {[%emt 0:00:01]} 3. Bb5 {[%emt 0:00:01]} a6 {[%emt 0:00:01]} 4. Ba4 {[%emt 0:00:00]} Nf6 {[%emt 0:00:02]} 5. O-O {[%emt 0:00:01]} b5 {[%emt 0:00:00]} 6. Bb3 {[%emt 0:00:01]} Bc5 {[%emt 0:00:01]} 7. c3 {[%emt 0:00:07]} d6 {[%emt 0:00:01]} 8. d4 {[%emt 0:00:03]} Bb6 {[%emt 0:00:01]} 9. a4 {[%emt 0:00:01]} Rb8 {[%emt 0:00:01]} 10. a5 {[%emt 0:00:03]} Ba7 {[%emt 0:00:01]} 11. h3 {[%emt 0:00:07]} Bb7 {[%emt 0:00:01]} 12. Be3 {[%emt 0:00:21]} Nxe4 {[%emt 0:00:02]} 13. Re1 {[%emt 0:00:02]} exd4 {[%emt 0:00:02]} 14. cxd4 {[%emt 0:00:02]} d5 {[%emt 0:00:01]} 15. Nc3 {[%emt 0:00:08]} Ne7 {[%emt 0:00:01]} 16. Nxe4 {[%emt 0:00:35]} dxe4 {[%emt 0:00:01]} 17. Ng5 {[%emt 0:00:01]} Bd5 {[%emt 0:00:08]} 18. Nxe4 {[%emt 0:00:09]} O-O {[%emt 0:00:02]} 19. Bc2 {[%emt 0:00:10]} Bxe4 {[%emt 0:01:05]} 20. Bxe4 {[%emt 0:00:02]} Nd5 {[%emt 0:00:05]} 21. Rc1 {[%emt 0:01:29]} Nxe3 {[%emt 0:00:07]} 22. fxe3 {[%emt 0:00:01]} c5 {[%emt 0:00:05]} 23. dxc5 {[%emt 0:00:01]} Qxa5 {[%emt 0:00:01]} 24. c6 {[%emt 0:00:17]} Rbc8 {[%emt 0:00:49]} 25. Qf3 {[%emt 0:00:13]} Qb4 {[%emt 0:00:53]} 26. Re2 {[%emt 0:00:08]} Bb6 {[%emt 0:00:11]} 27. Bf5 {[%emt 0:00:19]} Rc7 {[%emt 0:00:21]} 28. Kh1 {[%emt 0:00:05]} Re7 {[%emt 0:00:12]} 29. Rd1 {[%emt 0:00:25]} g6 {[%emt 0:00:19]} 30. Bd7 {[%emt 0:00:05]} Bc7 {[%emt 0:00:13]} 31. e4 {[%emt 0:00:02]} Qc5 {[%emt 0:00:27]} 32. Qf6 {[%emt 0:00:19]} a5 {[%emt 0:00:38]} 33. g4 {[%emt 0:00:33]} Be5 {[%emt 0:00:11]} 34. Qf3 {[%emt 0:00:02]} a4 {[%emt 0:00:03]} 35. Qd3 {[%emt 0:00:35]} b4 {[%emt 0:00:11]} 36. Rc2 {[%emt 0:00:05]} Qb6 {[%emt 0:00:03]} 37. Kg2 {[%emt 0:00:38]} Ra8 {[%emt 0:00:04]} 38. Qc4 {[%emt 0:00:03]} b3 {[%emt 0:01:00]} 39. Rf2 {[%emt 0:00:01]} a3 {[%emt 0:00:04]} 40. bxa3 {[%emt 0:00:25]} b2 {[%emt 0:00:02]} 41. Qb4 {[%emt 0:00:03]} Qxb4 {[%emt 0:01:02]} 42. axb4 {[%emt 0:00:00]} Rb8 {[%emt 0:00:07]} 43. b5 {[%emt 0:00:01]} Kg7 {[%emt 0:00:25]} 44. Rb1 {[%emt 0:00:07]} Bc7 {[%emt 0:00:35]} 45. Rbxb2 {[%emt 0:00:08]} Rxe4 {[%emt 0:00:01]} 46. Rf3 {[%emt 0:00:05]} Re5 {[%emt 0:00:02]} 47. Rfb3 {[%emt 0:00:03]} Rb6 {[%emt 0:00:00]} 48. Bc8 {[%emt 0:00:02]} Rc5 {[%emt 0:00:02]} 49. Ba6 {[%emt 0:00:01]} h5 {[%emt 0:00:00]} 50. Kf3 {[%emt 0:00:02]} hxg4+ {[%emt 0:00:01]} 51. hxg4 {[%emt 0:00:01]} g5 {[%emt 0:00:01]} 52. Ke4 {[%emt 0:00:07]} Rc4+ {[%emt 0:00:06]} 53. Kd5 {[%emt 0:00:02]} Rxg4 {[%emt 0:00:01]} 54. Re2 {[%emt 0:00:00]} Rf4 {[%emt 0:00:04]} 55. Re7 {[%emt 0:00:03]} Rf5+ 56. Ke4 {[%emt 0:00:02]} 1-0

[Event "CCT Chessable Masters Play-In 2025"]
[Site "Online"]
[Date "2025.02.17"]
[Round "5.59"]
[White "Aditya Mittal"]
[Black "Kobalia, Mikhail"]
[Result "1/2-1/2"]
[WhiteElo "2550"]
[BlackElo "2538"]
[PlyCount "127"]
[EventDate "2025.02.13"]
[EventType "swiss"]
[EventCountry "NET"]

1. d4 d5 2. c4 c6 3. Nf3 Nf6 4. Nc3 e6 5. Bg5 h6 6. Bh4 Be7 7. e3 Nbd7 8. Qc2 O-O 9. Rd1 Ne8 10. Bg3 Nd6 11. cxd5 cxd5 12. Bd3 a6 13. Ne5 Nf6 14. f3 Nh5 15. Bf2 Bd7 16. g4 Nf6 17. h4 Bb5 18. g5 Bxd3 19. Qxd3 Nd7 20. gxh6 Nxe5 21. dxe5 Nf5 22. hxg7 Kxg7 23. Rg1+ Kh8 24. e4 dxe4 25. Qe2 e3 26. Bxe3 Qe8 27. Bg5 Rg8 28. f4 Bxg5 29. hxg5 Kg7 30. Ne4 Rh8 31. g6 fxg6 32. Nf6 Qa4 33. Rd7+ Kf8 34. Qe4 Qxe4+ 35. Nxe4 Rc8 36. Rg2 Ne3 37. Re2 Rh1+ 38. Kf2 Nd5 39. Nd6 Rcc1 40. Rf7+ Kg8 41. Rxb7 Rh2+ 42. Kf3 Rf1+ 43. Kg4 Rxe2 44. Rb8+ Kg7 45. Rb7+ Kf8 46. Rb8+ Ke7 47. Rb7+ Kd8 48. Nf7+ Kc8 49. Nd6+ Kd8 50. Nf7+ Ke8 51. Nd6+ Kf8 52. Rb8+ Kg7 53. Rb7+ Kg8 54. Rb8+ Kh7 55. Rb7+ Ne7 56. Rxe7+ Kh6 57. Nf7+ Kg7 58. Nd6+ Kg8 59. Re8+ Kh7 60. Re7+ Kh8 61. Re8+ Kg7 62. Re7+ Kf8 63. Re8+ Kg7 64. Re7+ 1/2-1/2

[Event "CCT Chessable Masters Play-In 2025"]
[Site "Online"]
[Date "2025.02.17"]
[Round "5.60"]
[White "Jumabayev, Rinat"]
[Black "Keymer, Vincent"]
[Result "0-1"]
[WhiteElo "2564"]
[BlackElo "2731"]
[PlyCount "138"]
[EventDate "2025.02.13"]
[EventType "swiss"]
[EventCountry "NET"]

1. Nf3 d5 2. g3 Bg4 3. Bg2 c6 4. c4 e6 5. cxd5 Bxf3 6. Bxf3 cxd5 7. d4 Nc6 8. O-O f5 9. Nc3 Bd6 10. h4 Nf6 11. Bg5 h6 12. Be3 O-O 13. Kg2 Rc8 14. Rc1 a6 15. Rh1 Qe8 16. h5 Ne4 17. Bf4 Bxf4 18. gxf4 g5 19. hxg6 Qxg6+ 20. Kf1 Kh7 21. e3 Nxc3 22. Rxc3 Rc7 23. Ke2 Rfc8 24. Qb3 Qf6 25. Qa3 Qe7 26. Qxe7+ Nxe7 27. Kd2 Ng8 28. Rhc1 Rxc3 29. bxc3 Nf6 30. c4 b6 31. c5 bxc5 32. Rxc5 Rb8 33. Rc6 Rb2+ 34. Ke1 Rxa2 35. Rxe6 Kg7 36. Re5 Ra5 37. Rxf5 Rb5 38. Re5 Kf7 39. f5 a5 40. Re6 Rb1+ 41. Ke2 a4 42. Ra6 Ra1 43. Ra7+ Kf8 44. Ra5 Ne4 45. Bxe4 dxe4 46. d5 Ke7 47. Ra6 a3 48. d6+ Kd7 49. f6 Ke6 50. Ra7 Kxf6 51. Rh7 a2 52. d7 Re1+ 53. Kxe1 a1=Q+ 54. Ke2 Qa6+ 55. Ke1 Qd3 56. Rxh6+ Kg5 57. Rh7 Kg6 58. Re7 Qc3+ 59. Kf1 Qd3+ 60. Kg2 Kf6 61. Rh7 Qd1 62. Kh2 Qd2 63. Kg3 Qd1 64. Kh2 Ke6 65. Rg7 Kf5 66. Rh7 Kg4 67. Rf7 Kg5 68. Kg2 Kg6 69. Re7 Qd6 0-1

[Event "CCT Chessable Masters Play-In 2025"]
[Site "Online"]
[Date "2025.02.17"]
[Round "5.61"]
[White "Dai, Changren"]
[Black "Abdusattorov, Nodirbek"]
[Result "0-1"]
[WhiteElo "2527"]
[BlackElo "2766"]
[PlyCount "98"]
[EventDate "2025.02.13"]
[EventType "swiss"]
[EventCountry "NET"]

1. d4 Nf6 2. c4 e6 3. Nc3 Bb4 4. e3 b6 5. Nge2 Ne4 6. Bd2 Nxd2 7. Qxd2 Bb7 8. a3 Be7 9. e4 Nc6 10. b4 O-O 11. g3 Bf6 12. f4 d6 13. Bg2 e5 14. d5 Nb8 15. O-O Ba6 16. Qd3 Nd7 17. f5 g6 18. a4 Bc8 19. a5 a6 20. Kh1 Kh8 21. Nd1 bxa5 22. Rxa5 Rb8 23. Qc3 Bg5 24. Ng1 Bh6 25. Nf3 Nf6 26. Nh4 Bg5 27. Ra2 Bxh4 28. gxh4 gxf5 29. exf5 Rg8 30. Ne3 Qf8 31. c5 Bd7 32. c6 Bc8 33. Nc4 Qh6 34. Ra3 Rb5 35. Nxe5 dxe5 36. Qxe5 Rxb4 37. Rg3 Re8 38. Qxc7 Rxh4 39. Qxf7 Rxh2+ 40. Kg1 Re2 41. d6 Rexg2+ 42. Rxg2 Rh1+ 43. Kf2 Qf4+ 44. Ke2 Qxf1+ 45. Ke3 Rh3+ 46. Kd4 Qf4+ 47. Kc5 Qe3+ 48. Kb4 Qd4+ 49. Ka5 Ra3# 0-1

[Event "CCT Chessable Masters Play-In 2025"]
[Site "Online"]
[Date "2025.02.17"]
[Round "5.62"]
[White "Guliyev, Namig"]
[Black "Pantsulaia, Levan"]
[Result "1-0"]
[WhiteElo "2486"]
[BlackElo "2522"]
[PlyCount "125"]
[EventDate "2025.02.13"]
[EventType "swiss"]
[EventCountry "NET"]

1. e4 c5 2. Nf3 e6 3. d4 cxd4 4. Nxd4 a6 5. Bd3 d5 6. exd5 Qxd5 7. Nc3 Qxg2 8. Be4 Qh3 9. Rg1 Nf6 10. Bf4 Bb4 11. Bf3 e5 12. Bxe5 Nbd7 13. Bxf6 Nxf6 14. Qe2+ Kf8 15. O-O-O Bxc3 16. bxc3 g6 17. Qe5 Kg7 18. Rg3 Qh6+ 19. Kb2 Re8 20. Qc7 Kg8 21. h4 Bd7 22. h5 Rac8 23. Qd6 Be6 24. Rh1 Qg7 25. hxg6 hxg6 26. Rhg1 Rcd8 27. Qc7 Nd5 28. Bxd5 Bxd5 29. f4 Be4 30. f5 Rxd4 31. fxg6 Bxg6 32. cxd4 Qxd4+ 33. Qc3 Qxc3+ 34. Rxc3 Re6 35. Rg2 Kf8 36. Rc7 Be4 37. Rd2 Rb6+ 38. Kc3 Rc6+ 39. Rxc6 Bxc6 40. Kd4 Ke7 41. Ke5 f6+ 42. Kf4 Ke6 43. c4 f5 44. c5 Be4 45. Rd6+ Ke7 46. Ke5 Kf7 47. a4 Ke7 48. a5 Kf7 49. Re6 Kg7 50. Rf6 Kg8 51. Ke6 Kg7 52. Ke7 Bd3 53. c6 bxc6 54. Rxc6 Bb5 55. Rc2 Kg6 56. Rg2+ Kh5 57. Kf6 Bd3 58. Ke5 Kh6 59. Rg3 Bb5 60. Kxf5 Kh7 61. Kf6 Bc4 62. Ke7 Bb5 63. Kd6 1-0

[Event "CCT Chessable Masters Play-In 2025"]
[Site "Online"]
[Date "2025.02.17"]
[Round "5.63"]
[White "Demchenko, Anton"]
[Black "Pakleza, Zbigniew"]
[Result "1/2-1/2"]
[WhiteElo "2619"]
[BlackElo "2485"]
[PlyCount "93"]
[EventDate "2025.02.13"]
[EventType "swiss"]
[EventCountry "NET"]

1. e4 d5 2. exd5 Nf6 3. Nc3 Nxd5 4. Bc4 c6 5. Qf3 Be6 6. Ne4 Nc7 7. Bxe6 Nxe6 8. Ne2 Nd7 9. O-O g6 10. d4 Bg7 11. c3 O-O 12. Re1 Qa5 13. Be3 Rfe8 14. Nd2 Nb6 15. Nf4 Nxf4 16. Bxf4 Qf5 17. Qe4 Nd5 18. Qxf5 gxf5 19. Bg3 Nb6 20. Re2 e6 21. a4 a5 22. Kf1 Bf8 23. h3 c5 24. dxc5 Bxc5 25. Nb3 Bf8 26. Nd4 Rac8 27. Nb5 Nd5 28. Be5 f6 29. Bd6 Rc6 30. Bxf8 Kxf8 31. Nd4 Rb6 32. Rae1 Nf4 33. Rd2 Rd6 34. Red1 Kf7 35. Nb5 Rxd2 36. Rxd2 Ke7 37. g3 Nd5 38. Rd4 f4 39. c4 Nb6 40. b3 fxg3 41. fxg3 Nd7 42. Rh4 Rh8 43. Rg4 Kf8 44. Rd4 Ke7 45. Rg4 Kf8 46. Rd4 Ke7 47. Rg4 1/2-1/2

[Event "CCT Chessable Masters Play-In 2025"]
[Site "Online"]
[Date "2025.02.17"]
[Round "5.64"]
[White "Van Wely, Loek"]
[Black "Meshkovs, Nikita"]
[Result "1/2-1/2"]
[WhiteElo "2452"]
[BlackElo "2531"]
[PlyCount "86"]
[EventDate "2025.02.13"]
[EventType "swiss"]
[EventCountry "NET"]

1. d4 Nf6 2. c4 e6 3. Nf3 d5 4. Nc3 dxc4 5. e3 a6 6. a4 b6 7. Bxc4 Bb7 8. O-O Bb4 9. Qe2 O-O 10. Rd1 Nbd7 11. Bd3 c5 12. Na2 Ba5 13. e4 Re8 14. e5 Bxf3 15. Qxf3 Nd5 16. Be4 Qe7 17. Bxd5 exd5 18. Qxd5 Rad8 19. Be3 h6 20. h3 cxd4 21. Bxd4 Nf8 22. Qc4 Ne6 23. Be3 Qb7 24. Rxd8 Rxd8 25. Rc1 Bd2 26. Bxd2 Rxd2 27. Nb4 Nd4 28. Qc8+ Qxc8 29. Rxc8+ Kh7 30. Rb8 Rxb2 31. Rxb6 Ne2+ 32. Kh2 Nc3 33. a5 Na4 34. Rb8 Rxf2 35. Nxa6 Ra2 36. Nc7 Nc5 37. Rb5 Nd3 38. a6 Ne1 39. Kg3 g5 40. Kg4 Ra4+ 41. Kg3 Ra2 42. Kg4 Ra4+ 43. Kg3 Ra2 1/2-1/2

[Event "CCT Chessable Masters Play-In 2025"]
[Site "Online"]
[Date "2025.02.17"]
[Round "5.65"]
[White "Nigmatov, Ortik"]
[Black "Dvirnyy, Danyyil"]
[Result "0-1"]
[WhiteElo "2505"]
[BlackElo "2488"]
[PlyCount "74"]
[EventDate "2025.02.13"]
[EventType "swiss"]
[EventCountry "NET"]

1. e4 c6 2. d4 d5 3. e5 Bf5 4. Nf3 e6 5. Be2 Bb4+ 6. c3 Ba5 7. O-O Nd7 8. a4 Ne7 9. Na3 h6 10. Nc2 O-O 11. Ne3 Bh7 12. Bd3 Bxd3 13. Qxd3 c5 14. dxc5 Nxc5 15. Qd1 Ne4 16. Nd4 Bc7 17. f3 Ng5 18. h4 Nh7 19. f4 Qd7 20. Qg4 Nc6 21. Ndf5 f6 22. Rd1 Kh8 23. Ng3 fxe5 24. Nxd5 Rad8 25. Ne3 Qf7 26. Rxd8 Rxd8 27. f5 exf5 28. Nexf5 e4 29. Be3 Nf6 30. Qe2 Qg6 31. h5 Qg4 32. Qf2 Ne5 33. Nxh6 Rd1+ 34. Rxd1 Qxd1+ 35. Nf1 Qxh5 36. Bg5 Bb6 37. Ne3 Qxg5 0-1

[Event "CCT Chessable Masters Play-In 2025"]
[Site "Online"]
[Date "2025.02.17"]
[Round "5.66"]
[White "Quintiliano, Renato R."]
[Black "Kourkoulos-Arditis, Stamatis"]
[Result "0-1"]
[WhiteElo "2515"]
[BlackElo "2580"]
[PlyCount "62"]
[EventDate "2025.02.13"]
[EventType "swiss"]
[EventCountry "NET"]

1. d4 d5 2. c4 e6 3. Nf3 a6 4. cxd5 exd5 5. Nc3 h6 6. Bf4 Nf6 7. e3 Bd6 8. Be5 c6 9. Bd3 O-O 10. Qc2 Qe7 11. O-O Nbd7 12. Bxd6 Qxd6 13. Rab1 a5 14. h3 Nb6 15. Rfe1 Be6 16. Ne5 Nfd7 17. f4 Nxe5 18. dxe5 Qc5 19. f5 Bd7 20. f6 Rfe8 21. fxg7 Rxe5 22. Qf2 Rae8 23. Kh1 Rxe3 24. Rf1 Qe7 25. Bf5 Bxf5 26. Qxf5 Qe6 27. Qf4 Nc4 28. Qf2 d4 29. Nd1 Re1 30. b3 Rxf1+ 31. Qxf1 Nd2 0-1

[Event "CCT Chessable Masters Play-In 2025"]
[Site "Online"]
[Date "2025.02.17"]
[Round "5.67"]
[White "Cuenca Jimenez, Jose Fernando"]
[Black "Onyshchuk, Volodymyr"]
[Result "0-1"]
[WhiteElo "2479"]
[BlackElo "2610"]
[PlyCount "130"]
[EventDate "2025.02.13"]
[EventType "swiss"]
[EventCountry "NET"]

1. d4 d6 2. Nf3 g6 3. c4 Bg7 4. Nc3 e5 5. dxe5 dxe5 6. Qxd8+ Kxd8 7. g3 f6 8. Bg2 c6 9. b4 Be6 10. O-O Nd7 11. b5 Kc7 12. Ba3 Nh6 13. Rfc1 Nb6 14. Nd2 Rhd8 15. Nce4 Bg8 16. Nd6 Nf5 17. N2e4 Nd4 18. Kf1 f5 19. Nd2 e4 20. Rab1 c5 21. Bxc5 Na4 22. N6xe4 fxe4 23. Nxe4 Nxc5 24. Nxc5 Rab8 25. Bd5 Bf8 26. Nd3 Bxd5 27. cxd5+ Kb6 28. e3 Nf5 29. e4 Nd4 30. Rc4 Bg7 31. a4 Rbc8 32. Rbc1 Rxc4 33. Rxc4 Re8 34. e5 Nf3 35. a5+ Kxa5 36. Rc7 Bxe5 37. Nxe5 Rxe5 38. Rxb7 h5 39. Rxa7+ Kxb5 40. d6 Rd5 41. Kg2 Ne1+ 42. Kf1 Nd3 43. d7 Ne5 44. d8=Q Rxd8 45. Re7 Nf3 46. Kg2 Nd4 47. Re5+ Kc6 48. Rg5 Rd6 49. Ra5 Kd7 50. Ra7+ Ke6 51. Ra4 Kf6 52. Rc4 Nf5 53. Rc2 g5 54. Re2 g4 55. h3 Nd4 56. Rd2 Ke5 57. Rd3 Nf3 58. Re3+ Kf5 59. hxg4+ hxg4 60. Ra3 Rd1 61. Ra5+ Ke6 62. Ra6+ Kd7 63. Ra7+ Kc6 64. Ra6+ Kb5 65. Ra1 Re1 0-1

[Event "CCT Chessable Masters Play-In 2025"]
[Site "Online"]
[Date "2025.02.17"]
[Round "5.68"]
[White "Mekhitarian, Krikor Sevag"]
[Black "Munkhgal, Gombosuren"]
[Result "1-0"]
[WhiteElo "2510"]
[BlackElo "2406"]
[PlyCount "95"]
[EventDate "2025.02.13"]
[EventType "swiss"]
[EventCountry "NET"]

1. Nf3 Nf6 2. c4 e6 3. Nc3 d5 4. d4 a6 5. cxd5 exd5 6. Bf4 Bd6 7. Bxd6 Qxd6 8. e3 c6 9. Qb3 O-O 10. Bd3 b5 11. O-O Nbd7 12. Rac1 Nb6 13. Qc2 Bg4 14. Ne5 Bd7 15. Ne2 Rac8 16. Qc5 Qxc5 17. Rxc5 Nc4 18. Bxc4 dxc4 19. b3 Rfd8 20. Nc3 b4 21. Na4 c3 22. Nb6 Rc7 23. Nbxd7 Nxd7 24. Rxc6 Rdc8 25. Rxc7 Rxc7 26. Nxd7 Rxd7 27. Rc1 f5 28. Kf1 a5 29. Ke2 a4 30. Kd3 a3 31. Kc4 Rb7 32. f3 Kf7 33. e4 Ke6 34. Kc5 Rb8 35. Re1 fxe4 36. fxe4 Kd7 37. d5 Ke7 38. e5 Kd7 39. Rf1 Ke8 40. e6 Ke7 41. Rf7+ Ke8 42. d6 c2 43. d7+ Kd8 44. Kd6 Rb6+ 45. Ke5 Rb5+ 46. Ke4 Kc7 47. Rf8 c1=Q 48. Rc8+ 1-0

[Event "CCT Chessable Masters Play-In 2025"]
[Site "Online"]
[Date "2025.02.17"]
[Round "5.69"]
[White "Xiao, Tong"]
[Black "Yang, Kaiqi"]
[Result "1-0"]
[WhiteElo "2491"]
[BlackElo "2481"]
[PlyCount "87"]
[EventDate "2025.02.13"]
[EventType "swiss"]
[EventCountry "NET"]

1. c4 e6 2. Nc3 d5 3. d4 a6 4. cxd5 exd5 5. Nf3 h6 6. Bf4 Nf6 7. e3 Bd6 8. Bd3 O-O 9. Bxd6 Qxd6 10. Ne5 c5 11. O-O c4 12. Bc2 Nc6 13. f4 b5 14. Qf3 b4 15. Ne2 Rb8 16. g4 b3 17. axb3 Nb4 18. Bb1 cxb3 19. g5 Ne4 20. Bxe4 dxe4 21. Qg3 Bf5 22. Kh1 h5 23. Qh4 g6 24. Ng3 Qe6 25. Ra5 Rb5 26. Rxb5 axb5 27. Rc1 Nc2 28. Nxf5 Qxf5 29. Qg3 Ra8 30. Kg2 Ra2 31. d5 Rxb2 32. d6 Qe6 33. d7 Qd5 34. Kh3 Ra2 35. f5 Ra8 36. Qf4 b2 37. Rxc2 b1=Q 38. Rc8+ Kg7 39. d8=Q Qxd8 40. Rxd8 Ra3 41. f6+ Kh7 42. Nxf7 Rxe3+ 43. Qxe3 Qf1+ 44. Kh4 1-0

[Event "CCT Chessable Masters Play-In 2025"]
[Site "Online"]
[Date "2025.02.17"]
[Round "5.70"]
[White "Gharibyan, Mamikon"]
[Black "Mikhalevski, Victor"]
[Result "1-0"]
[WhiteElo "2473"]
[BlackElo "2506"]
[PlyCount "107"]
[EventDate "2025.02.13"]
[EventType "swiss"]
[EventCountry "NET"]

1. d4 Nf6 2. Nf3 g6 3. c4 Bg7 4. Nc3 d5 5. cxd5 Nxd5 6. e4 Nxc3 7. bxc3 c5 8. Qa4+ Bd7 9. Qa3 cxd4 10. cxd4 Nc6 11. Be3 Rc8 12. Rd1 Qa5+ 13. Qxa5 Nxa5 14. Bd3 Nc4 15. Rc1 Nxe3 16. Rxc8+ Bxc8 17. fxe3 e5 18. Kd2 Be6 19. d5 Bd7 20. Rb1 Bc8 21. Rc1 Kd8 22. Ng5 Rf8 23. Nxh7 Rh8 24. Ng5 Rf8 25. h4 Bf6 26. Nh7 Be7 27. Nxf8 Bxf8 28. Be2 Bb4+ 29. Kc2 Bc5 30. Kd3 Be7 31. h5 gxh5 32. Bxh5 f6 33. Bg6 b6 34. Bf5 Ba6+ 35. Kd2 Bb4+ 36. Kc2 Bc5 37. Rh1 Bc4 38. Kb2 a5 39. Rh7 Ke8 40. a4 Be7 41. Be6 Bc5 42. Bd7+ Kd8 43. Bb5 Bxb5 44. axb5 Bxe3 45. Kb3 Bc5 46. Rf7 Be7 47. g4 Ke8 48. Rh7 Bc5 49. Ra7 Bd6 50. Kc4 Ba3 51. Ra6 Bc5 52. Rxa5 bxa5 53. Kxc5 Kd7 54. b6 1-0

[Event "CCT Chessable Masters Play-In 2025"]
[Site "Online"]
[Date "2025.02.17"]
[Round "5.71"]
[White "Batsuren, Dambasuren"]
[Black "Lie, Kjetil A."]
[Result "1-0"]
[WhiteElo "2537"]
[BlackElo "2489"]
[PlyCount "93"]
[EventDate "2025.02.13"]
[EventType "swiss"]
[EventCountry "NET"]

1. d4 Nf6 2. c4 c5 3. d5 e6 4. Nc3 exd5 5. cxd5 d6 6. g3 g6 7. Bg2 Bg7 8. Nf3 O-O 9. O-O Re8 10. Bf4 h6 11. Re1 g5 12. Bd2 Bf5 13. h4 g4 14. Nh2 h5 15. e4 Bg6 16. Bf4 Na6 17. Nf1 Nd7 18. f3 Ne5 19. Bxe5 Bxe5 20. fxg4 hxg4 21. Qxg4 Kh8 22. Qf3 Nb4 23. Re2 c4 24. Ne3 Rg8 25. Nxc4 Bd4+ 26. Kh1 Rc8 27. Ne3 Be5 28. Ng4 Bg7 29. a3 Bh5 30. axb4 Bxc3 31. bxc3 Rxg4 32. Qe3 Qf6 33. e5 Qg7 34. exd6 Rxg3 35. d7 Rg8 36. Qe5 Bxe2 37. Qxe2 Qh6 38. Qe5+ f6 39. Qxg3 Rxg3 40. d8=Q+ Rg8 41. Qc7 Qxh4+ 42. Qh2 Rg4 43. Qxh4+ Rxh4+ 44. Kg1 Rf4 45. Rxa7 Kg7 46. Rxb7+ Kg6 47. d6 1-0

[Event "CCT Chessable Masters Play-In 2025"]
[Site "Online"]
[Date "2025.02.17"]
[Round "5.72"]
[White "Gurevich, Dmitry"]
[Black "Vetokhin, Savva"]
[Result "0-1"]
[WhiteElo "2347"]
[BlackElo "2533"]
[PlyCount "106"]
[EventDate "2025.02.13"]
[EventType "swiss"]
[EventCountry "NET"]

1. d4 Nf6 2. c4 e6 3. Nc3 d5 4. Nf3 dxc4 5. e3 a6 6. a4 c5 7. Bxc4 Nc6 8. O-O cxd4 9. exd4 Nb4 10. Qe2 Be7 11. Rd1 Nbd5 12. Bg5 O-O 13. Ne5 h6 14. Bh4 Nxc3 15. bxc3 Nd5 16. Bxe7 Nxe7 17. Qf3 Nd5 18. Rab1 Qa5 19. Bxd5 exd5 20. Rb4 Be6 21. h3 Rac8 22. Rdb1 Rc7 23. Rxb7 Rxb7 24. Rxb7 Qxa4 25. g4 a5 26. Kg2 Qc2 27. Ra7 a4 28. Qd3 Qb3 29. Qa6 Qxc3 30. Qxa4 h5 31. Qa1 Qxa1 32. Rxa1 hxg4 33. hxg4 f6 34. Nc6 Bxg4 35. Ne7+ Kf7 36. Nxd5 Rd8 37. Ra7+ Kf8 38. Ra5 Bc8 39. Nf4 Rxd4 40. Ra8 Rc4 41. Kg3 g5 42. Nd5 Kf7 43. Ra7+ Ke6 44. Ne3 Rc3 45. Ra4 f5 46. Kg2 Bb7+ 47. Kh2 f4 48. Ng4 Rc1 49. Kh3 Rh1+ 50. Nh2 Rg1 51. Ra5 Bc8 52. Ng4 Kf7 53. Rxg5 Rh1+ 0-1